00888nam a2200241Ia 4500001000600000003000900006008004100015040001300056040001300069041001300082100002700095100002900122245007300151245008500224250001100309260001100320260001600331260004900347300005600396500013400452650002900586650003100615C0491IT-RoPAU130308s9999 xx 000 0 und d aIT-RoPAU cIT-RoPAU aITALIANO aPistilli Pio Francesco gCodice Aut. SPICS: 40052 aArchitettura a Roma nella prima metà del Duecento (L') (1198-1254) bRoma nel Duecento-L'Arte nella Citta' dei Papi da Innocenzo III a Bonifacio Viii a1a ed. aTORINO bSeat - Stet c1991 [1° Ed.:1991 - Ed.Ling.Originale:1991] a"71 p. (prefazione: no ; testo: 71 [pagine: 1-71])" aSotto Innocenzo III (1198/1216), Onorio III (1216/1227), Gregorio Ix (1227/1241), Celestino Iv (1241) e Innocenzo Iv (1243/1254). aSTORIA DELLE ARTI VISIVE eCodice materia Spics: 5008